Logo CIB grande

GUIA COMPLETA DE PROTOCOLOS DE TELECOMUNICACIONES (Registro nro. 222607)

Detalles MARC
000 -LEADER
campo de control de longitud fija 00729nam a2200265Ia 4500
005 - FECHA Y HORA DE LA ÚLTIMA TRANSACCIÓN
campo de control 20250425162119.0
008 - DATOS DE LONGITUD FIJA--INFORMACIÓN GENERAL
campo de control de longitud fija 250425s9999 xx 000 0 und d
020 ## - NÚMERO INTERNACIONAL ESTÁNDAR DEL LIBRO
Número Internacional Estándar del Libro 8448136411
041 ## - CÓDIGO DE IDIOMA
Código de lengua del texto/banda sonora o título independiente spa
043 ## - CÓDIGO DE ÁREA GEOGRÁFICA
Código de área geográfica sp
082 ## - NÚMERO DE LA CLASIFICACIÓN DECIMAL DEWEY
Número de clasificación 384
010 ## - NÚMERO DE CONTROL DE LA BIBLIOTECA DEL CONGRESO
Número de control de LC 50908
100 ## - ENTRADA PRINCIPAL--NOMBRE DE PERSONA
Nombre de persona GARCIA BRAGE, ANTONIO
245 #0 - MENCIÓN DEL TÍTULO
Título GUIA COMPLETA DE PROTOCOLOS DE TELECOMUNICACIONES
250 ## - MENCION DE EDICION
Mención de edición 1 ED.
260 ## - PUBLICACIÓN, DISTRIBUCIÓN, ETC.
Lugar de publicación, distribución, etc. España
Nombre del editor, distribuidor, etc. MCGRAW-HILL INTERAMERICANA DE ESPAÑA S.A.
Fecha de publicación, distribución, etc. 2002
260 ## - PUBLICACIÓN, DISTRIBUCIÓN, ETC.
Lugar de publicación, distribución, etc. MADRID
300 ## - DESCRIPCIÓN FÍSICA
Extensión 613
500 ## - NOTA GENERAL
Nota general SERIE DE TELECOMUNICACIONES
500 ## - NOTA GENERAL
Nota general Título Traducido: TELECOM PROTOCOL FINDER
650 ## - PUNTO DE ACCESO ADICIONAL DE MATERIA--TÉRMINO DE MATERIA
Término de materia o nombre geográfico como elemento de entrada GUIAS
650 ## - PUNTO DE ACCESO ADICIONAL DE MATERIA--TÉRMINO DE MATERIA
Término de materia o nombre geográfico como elemento de entrada TELECOMUNICACIONES
710 ## - ENTRADA AGREGADA--NOMBRE DE ENTIDAD CORPORATIVA
Nombre de entidad corporativa o nombre de jurisdicción como elemento de entrada MCGRAW-HILL INTERAMERICANA DE ESPAÑA S.A.
942 ## - ELEMENTOS DE ENTRADA SECUNDARIOS (KOHA)
Tipo de ítem Koha Libros
Existencias
Estatus retirado Estado de pérdida Estado de daño No para préstamo Biblioteca de origen Biblioteca actual Ubicación en estantería Fecha de adquisición Coste, precio normal de compra Total de préstamos Código de barras Copia número Nota pública
        ESCUELA DE NEGOCIOS ESCUELA DE NEGOCIOS   30/09/2004 38.00   CP-11049 1 COMPRA
        ESCUELA DE NEGOCIOS ESCUELA DE NEGOCIOS   30/09/2004 38.00   CP-12108 2 COMPRA

Copyright 2025 ESPOL. Todos los derechos reservados.